000 01275nam a22003134a 4500
001 ebr10063001
003 CaPaEBR
006 m u
007 cr cn|||||||||
008 981130s1999 dcua sb 001 0 eng
010 _z 98089702
020 _z0309063450 (perfectbound)
040 _aCaPaEBR
_cCaPaEBR
035 _a(OCoLC)44957616
050 1 4 _aQP141
_b.M433 1999eb
082 0 4 _a612.3/088/355
_221
245 0 0 _aMilitary strategies for sustainment of nutrition and immune function in the field
_h[electronic resource].
260 _aWashington, DC :
_bNational Academy Press,
_cc1999.
300 _axiii, 708 p. :
_bill.
504 _a"Nutrition and Immunue Function: A selected bibliography"--p. 581-656.
504 _aIncludes bibliographical references and index.
533 _aElectronic reproduction.
_bPalo Alto, Calif. :
_cebrary,
_d2013.
_nAvailable via World Wide Web.
_nAccess may be limited to ebrary affiliated libraries.
650 0 _aNutrition.
650 0 _aImmune system.
650 0 _aSoldiers
_zUnited States
_xNutrition.
655 7 _aElectronic books.
_2local
710 2 _aebrary, Inc.
856 4 0 _uhttp://site.ebrary.com/lib/rucke/Doc?id=10063001
_zAn electronic book accessible through the World Wide Web; click to view
999 _c157912
_d157912